الاطلس المدرسى / (Record no. 49041)
[ view plain ]
| 000 -الفاتح | |
|---|---|
| حقل البيانات ثابتة الطول | 00601nam a2200205Ia 4500 |
| 008 - عناصر البيانات ثابتة الطول - معلومات عامة | |
| حقل البيانات ثابتة الطول | 140319s9999 xx 000 0 ara d |
| 040 ## - مصدر الفهرسة | |
| وكالة الفهرسة الأصلية | GCL / |
| وكالة النسخ | GCL |
| 082 04 - رقم تصنيف ديوى العشرى | |
| رقم التصنيف | ط |
| رقم المادة | 912 |
| -- | م ط |
| 100 1# - المدخل الرئيسى - إسم شخصى | |
| الإسم الشخصى | حليم جريس |
| 245 10 - بيان العنوان | |
| العنوان | الاطلس المدرسى / |
| بيان المسئوليه,etc | حليم جريس |
| 700 1# - المدخل الاضافى - اسم شخصى | |
| الإسم الشخصى | محمد صبحى عبدالحكيم |
| 700 1# - المدخل الاضافى - اسم شخصى | |
| الإسم الشخصى | يوسف خليل يوسف |
| 700 1# - المدخل الاضافى - اسم شخصى | |
| الإسم الشخصى | اجلال السباعى |
| 300 ## - الوصف المادى | |
| التعداد | 65 ص |
| 490 ## - بيان السلسلة | |
| عنوان السلسلة | الهيئة العامة للاستعلامات |
| رقم المجلد/ التعيين التسلسلي | 0 |
| 650 04 - المدخل الاضافى بالموضوع-مصطلح موضوعى | |
| مصطلح موضوعي | الجغرافيا |
| 650 04 - المدخل الاضافى بالموضوع-مصطلح موضوعى | |
| مصطلح موضوعي | الاطالس |
| 942 ## - عناصر المدخل الإضافي( كوها) | |
| مصدر التصنيف او مخطط الترفيف | Dewey Decimal Classification |
| Koha [default] item type | كتاب |
| حالة التراجع | حالة الفقد | حالة تلف | ليس للاعارة | المكان المؤقت | الموقع الحالى | تاريخ الاكتساب | اجمالي اﻻعارات | رقم الطلب | الباركود | تاريخ اخر مشاهدة | تاريخ تفعيل السعر | نوع وعاء كوها |
|---|---|---|---|---|---|---|---|---|---|---|---|---|
| مكتبة القاهرة الكبرى | مكتبة القاهرة الكبرى | 03/26/2014 | ط\912\م ط | 117953 | 03/26/2014 | 03/26/2014 | كتاب | |||||
| مكتبة القاهرة الكبرى | مكتبة القاهرة الكبرى | 03/26/2014 | ط\912\م ط | 117954 | 03/26/2014 | 03/26/2014 | كتاب |

